000 00462pab a2200169 454500
008 180718b2009 xxu||||| |||| 00| 0 eng d
100 _aBelussi, Fiorenza
245 _aAt the origin of the industrial district: Alfred Marshall and the Cambridge school
260 _c2009
300 _ap.335-55.
362 _aMar
650 _aIndustrial economics
700 _aCaldari, Katia
773 _aCambridge Journal of Economics
908 _aN
909 _a82846
999 _c82846
_d82846